| 000 | 00385nam a22001457a 4500 | ||
|---|---|---|---|
| 999 |
_c528164 _d528164 |
||
| 003 | NUST | ||
| 020 | _qH/B. | ||
| 038 | _awaseem | ||
| 082 |
_a954.9144 _bABD |
||
| 100 |
_aAbdur Rasul, Sahibzada Muhammad _919757 |
||
| 245 |
_aThe History of Sargodha / _cSahibzada Muhammad Abdur Rasul |
||
| 260 |
_aSargodha : _bUniversity of Sargodha, _c2015. |
||
| 300 | _a330 p. ; | ||
| 942 |
_2ddc _cBK |
||